000 00320nam a2200133Ia 4500
005 20251222155057.0
008 251222s9999||||xx |||||||||||||| ||spa||
082 _aDIC.28
100 _aClaudio Alarco Von
245 0 _aDiccionario de psicologĂ­a individual
250 _a1ra. ed.
264 _bSĂ­ntesis
942 _cLIB
999 _c37501
_d37501